| 000 | 00715nam a22002055i 4500 | ||
|---|---|---|---|
| 001 | 156606 | ||
| 003 | ES-MaACL | ||
| 005 | 20230906210444.0 | ||
| 008 | 040802s1866 gw |||| | eng d | ||
| 040 |
_aCAM _bspa _cCAM |
||
| 100 | 1 |
_aKingsley, Charles. _9128456 |
|
| 245 | 1 | 0 |
_aHereward the Wake, "Last of the english" / _cby Charles Kingsley. |
| 260 |
_aLeipzig : _bBernhard Tauchnitz, _c1866. |
||
| 300 |
_a2 v. (VIII, 310 ; VI, 333 p.) ; _c16 cm. |
||
| 490 | 1 |
_aCollection of british authors ; _v829 ; 830 |
|
| 650 | 4 |
_aNovela inglesa. _9137408 |
|
| 830 | 0 |
_aCollection of british authors ; _v829 ; 830 _9180703 |
|
| 852 |
_aES-MaACL _jG-11763 _z-- Enc. hol. _z-- Enc. 2 t. en 1 v. |
||
| 999 |
_c156606 _d156606 |
||